Компактный сильноточный бетатрон; Электронные ускорители; Вып. 2

Podrobná bibliografie
Parent link:Электронные ускорители: труды VII межвузовской конференции по электронным ускорителям, Томск, сент. 1968 г..— , 1970
Вып. 2.— 1970.— С. 3-5
Hlavní autor: Москалев В. А. Владилен Александрович
Další autoři: Скворцов Ю. М., Сергеев Г. И.
Shrnutí:В фонде НТБ ТПУ отсутствует
Jazyk:ruština
Vydáno: 1970
Témata:
Médium: Kapitola
KOHA link:https://koha.lib.tpu.ru/cgi-bin/koha/opac-detail.pl?biblionumber=601753

MARC

LEADER 00000naa0a2200000 4500
001 601753
005 20250221084824.0
035 |a (RuTPU)RU\TPU\tpu\26807 
035 |a RU\TPU\book\309404 
090 |a 601753 
100 |a 20150224d1970 k y0rusy50 ca 
101 0 |a rus 
102 |a RU 
200 1 |a  Компактный сильноточный бетатрон  |f В. А. Москалев, Ю. М. Скворцов, Г. И. Сергеев 
320 |a Библиогр.: 8 назв. 
333 |a В фонде НТБ ТПУ отсутствует 
461 |t Электронные ускорители  |o труды VII межвузовской конференции по электронным ускорителям, Томск, сент. 1968 г.  |o в 4 вып.  |d 1970 
463 |t Вып. 2  |v С. 3-5  |d 1970 
610 1 |a труды учёных ТПУ 
700 1 |a Москалев  |b В. А.  |c специалист в области электротехники  |c профессор Томского политехнического университета, доктор технических наук  |f 1927-  |g Владилен Александрович  |3 (RuTPU)RU\TPU\pers\12401 
701 1 |a Скворцов  |b Ю. М. 
701 1 |a Сергеев  |b Г. И. 
801 1 |a RU  |b 63413507  |c 20121210 
801 2 |a RU  |b 63413507  |c 20150224  |g RCR 
942 |c BK